Exkurzia cez video
| Médium: | Článok |
|---|---|
| Jazyk: | Slovak |
| Témy: | |
| Zdroj: |
1. Národná obroda 1. Roč. 3, č. 36(1992), dát. 0212, s. 13 |
| LEADER | 00692nab#a2200289#ar4500 | ||
|---|---|---|---|
| 001 | 000022016 | ||
| 003 | SVKKK | ||
| 005 | 00000000000000.0 | ||
| 008 | c xo e sloo | ||
| FMT | |||
| 038 | |a SVKKK | ||
| 040 | |a SVKKK |b slo |e AACR2 | ||
| 041 | 0 | |a slo | |
| 044 | |a xo |c SK | ||
| 080 | |a 30 |2 1981 | ||
| 100 | 1 | |a Beer, Gabriel |4 com | |
| 245 | 1 | 0 | |a Exkurzia cez video |c Beer Gabriel, |
| 650 | 0 | 4 | |a občania rómski |
| 650 | 0 | 4 | |a podmienky životné |x Rudňany |x problémy |
| 773 | 0 | |t Národná obroda |g Roč. 3, č. 36(1992), dát. 0212, s. 13 | |
| 957 | |a Rudňany | ||
| 958 | |a SV | ||
| 974 | |d 950112 |a KKá | ||
| 992 | |a RBX | ||
| BAS | |||
| 852 | |a SVKKK |b BIB | ||
| 998 | |a ROM | ||